Sosyedad at Literatura (Record no. 82136)

MARC details
000 -LEADER
fixed length control field 00759nam a22001937a 4500
003 - CONTROL NUMBER IDENTIFIER
control field URS
005 - DATE AND TIME OF LATEST TRANSACTION
control field 20250219214223.0
008 - FIXED-LENGTH DATA ELEMENTS--GENERAL INFORMATION
fixed length control field 250219b |||||||| |||| 00| 0 eng d
020 ## - INTERNATIONAL STANDARD BOOK NUMBER
International Standard Book Number ISBN 9789718219966
040 ## - CATALOGING SOURCE
Transcribing agency URS
100 1# - MAIN ENTRY--PERSONAL NAME
Personal name Bernales, Rolando A.
Relator term author
245 10 - TITLE STATEMENT
Title Sosyedad at Literatura
Remainder of title o panitikang panlipunan
Statement of responsibility, etc Rolando A. Benales, Reynele Bren G. Zafra, Crizel Sicat-De Laza, Elimar A. Ravina, Marilou S. Matilla, Jennifer S. Hernandez, Emeliza T. Cruz
264 1# - PUBLICATION, DISTRIBUTION, ETC. (IMPRINT)
Place of publication, distribution, etc 105 Engineering Road, Araneta University Village, Potrero, Malabon City
Name of publisher, distributor, etc Mutya Publishing House, Inc.
Date of publication, distribution, etc 2022
300 ## - PHYSICAL DESCRIPTION
Extent viii, 256 p.
Other physical details ill
336 ## - CONTENT TYPE
Source rdacontent
Content type term text
Content type code txt
337 ## - MEDIA TYPE
Source rdamedia
Media type term unmediated
Media type code n
338 ## - CARRIER TYPE
Source rdacarrier
Carrier type term volume
Carrier type code nc
942 ## - ADDED ENTRY ELEMENTS (KOHA)
Source of classification or shelving scheme Library of Congress Classification
Koha item type Filipiniana
Holdings
Withdrawn status Lost status Source of classification or shelving scheme Damaged status Not for loan Home library Current library Shelving location Date acquired Total Checkouts Full call number Barcode Date last seen Price effective from Koha item type
    Library of Congress Classification     Tanay College Library Tanay College Library Reserve Section 12/27/2024   PL 5531 So75 2022 URSTAN-N5399 02/13/2025 02/13/2025 Filipiniana

University of Rizal System
Email us at univlibservices@urs.edu.ph

Visit our Website www.urs.edu.ph/library